Statistics for Actors With Frequently Recurring Roles

Click here to take the quiz!

General Stats

  • This quiz has been taken 2,279 times
    (1,346 since last reset)
  • The average score is 11 of 52

Answer Stats

HintAnswer% Correct
7, 1973-1985James Bond
80%
7, 1962-1983James Bond
80%
Sean Connery
73%
7, 1995-2012M
69%
Roger Moore
61%
7, 2008-2016Iron Man
57%
Robert Downey Jr.
56%
Judi Dench
50%
8, 2000-2016Wolverine
44%
Hugh Jackman
42%
Samuel Jackson
40%
7, 2008-2015Nick Fury
39%
17, 1963-1999Q
32%
8, 1979-2013Mr. Spock
29%
7, 1979-1994Captain Kirk
27%
Leonard Nimoy
25%
William Shatner
23%
7, 1977-2015C3-P0
22%
7, 1977-2015R2-D2
21%
Anthony Daniels
16%
15, 1962-1985Miss Moneypenny
16%
Christopher Lee
14%
7, 1984-1994Larvell Jones
14%
Kevin Smith
13%
8, 1979-1994Scotty
13%
Desmond Llewelyn
11%
10, 1958-1976Dracula
11%
Kenny Baker
11%
7, 1984-2003Freddy Krueger
8%
8, 1994-2016Silent Bob
8%
James Doohan
7%
8, 1994-2016Jay
7%
7, 1979-1994Pavel Chekov
6%
Robert Englund
6%
Lois Maxwell
5%
Jason Mewes
4%
7, 2004-2010Jigsaw
4%
9, 2005-2014Madea
4%
Tyler Perry
4%
7, 1984-1994Eric Lassard
3%
Tobin Bell
3%
Walter Koenig
3%
7, 1984-1994Eugene Tackleberry
2%
George Gaynes
2%
Michael Winslow
2%
Danny Trejo
1%
David Graf
1%
9, 1958-1970Larry
1%
Larry Fine
1%
7, 2001-2013Machete
1%
9, 1958-1970Moe
1%
Moe Howard
1%

Score Distribution

Percentile by Number Answered

Percent of People with Each Score

Your Score History

You have not taken this quiz since the last reset